Elementos de meteorología /

Guardado en:
Autor Principal: Albá Llerás, Antonio.
Formato: Libro
Idioma:Spanish
Publicado: Barcelona : Sintes, s.f.
Etiquetas: Agregar Etiqueta
Sin Etiquetas, Sea el primero en etiquetar este registro!
LEADER 00446nam a22001575a 4500
001 EUN.um042913
003 AR-BaUNS
005 20050623122913.0
008 041125ss.f.####sp############000#0#spa#d
245 1 0 |a Elementos de meteorología /  |c Antonio Albá Llerás. 
260 |a Barcelona :  |b Sintes,  |c s.f. 
300 |a 289 p. 
100 1 |a Albá Llerás, Antonio. 
082 0 4 |a 632.1 
082 0 4 |a 551.5 
859 |a Ar-BaUNS  |b BIB. CENTRAL - Sector A  |h 632.1  |i Al13  |p 1436/964